Ryde on Rating and the Council Tax Volume 1 (Record no. 115256)
[ view plain ]
| 000 -LEADER | |
|---|---|
| fixed length control field | 01198cam a22003015a 4500 |
| 001 - CONTROL NUMBER | |
| control field | L158306 |
| 008 - FIXED-LENGTH DATA ELEMENTS--GENERAL INFORMATION | |
| fixed length control field | 141204s2014 xxk f 000 0 eng d |
| 020 ## - INTERNATIONAL STANDARD BOOK NUMBER | |
| International Standard Book Number | 9781405786218 |
| 035 ## - SYSTEM CONTROL NUMBER | |
| System control number | (Sirsi) u158306 |
| 041 0# - LANGUAGE CODE | |
| Language code of text/sound track or separate title | eng |
| 050 04 - LIBRARY OF CONGRESS CALL NUMBER | |
| Classification number | 336.2 |
| 100 1# - MAIN ENTRY--PERSONAL NAME | |
| Personal name | Roots, Guy |
| 245 00 - TITLE STATEMENT | |
| Title | Ryde on Rating and the Council Tax Volume 1 |
| 260 ## - PUBLICATION, DISTRIBUTION, ETC. | |
| Place of publication, distribution, etc. | London |
| Name of publisher, distributor, etc. | LexisNexis |
| Date of publication, distribution, etc. | 2014 |
| 520 ## - SUMMARY, ETC. | |
| Summary, etc. | 2 volume looseleaf reference publication provides indepth coverage of Rating and Council Tax legislation and commentary. Volume 1 provides an introduction, includes informaton on issues relating to the ratepayer, rateable property, exemption, immunities and reliefs, the measure of liability, rating lists, recovery of rates, council tax and statutes. Updated to July 2014 Issue 66. Volume 2 contains statutory instruments and practice notes. |
| 520 ## - SUMMARY, ETC. | |
| Summary, etc. | Updated Amendments 67 Dec 2014 |
| 590 ## - LOCAL NOTE (RLIN) | |
| Local note | KA |
| 650 24 - SUBJECT ADDED ENTRY--TOPICAL TERM | |
| Topical term or geographic name entry element | NON-DOMESTIC RATES |
| 650 24 - SUBJECT ADDED ENTRY--TOPICAL TERM | |
| Topical term or geographic name entry element | COUNCIL TAX |
| 650 24 - SUBJECT ADDED ENTRY--TOPICAL TERM | |
| Topical term or geographic name entry element | BUSINESS RATES |
| 651 #4 - SUBJECT ADDED ENTRY--GEOGRAPHIC NAME | |
| Geographic name | ENGLAND AND WALES |
| 690 ## - LOCAL SUBJECT ADDED ENTRY--TOPICAL TERM (OCLC, RLIN) | |
| Topical term or geographic name as entry element | Finance and taxation |
| 700 1# - ADDED ENTRY--PERSONAL NAME | |
| Personal name | Fisher, Richard |
| 700 1# - ADDED ENTRY--PERSONAL NAME | |
| Personal name | Glover, Richard |
| 700 1# - ADDED ENTRY--PERSONAL NAME | |
| Personal name | Pike, Jeremy |
| 700 1# - ADDED ENTRY--PERSONAL NAME | |
| Personal name | Wigley, Jenny |
| 942 ## - ADDED ENTRY ELEMENTS (KOHA) | |
| Suppress in OPAC | 0 |
| Source of classification or shelving scheme | Dewey Decimal Classification |
| Withdrawn status | Lost status | Source of classification or shelving scheme | Damaged status | Not for loan | Home library | Current library | Shelving location | Date acquired | Total Checkouts | Full call number | Barcode | Date last seen | Copy number | Price effective from | Koha item type | Public note |
|---|---|---|---|---|---|---|---|---|---|---|---|---|---|---|---|---|
| Dewey Decimal Classification | London | London | Books | 04/12/2014 | 336.2 RYD | 30078292 | 06/08/2019 | 1 | 06/08/2019 | Book | This looseleaf item is not current so please use with caution |